000
00355nam a2200157Ia 4500
008
100204s9999 xx 000 0 und d
082
_b
23265
100
_a
SWAMI & SEVIKAS
245
_a
TELL ME A STORY - I
250
_a
0
260
_b
CC
_c
1987
300
_a
90
630
_a
TELL ME A STORY - I
730
_a
TELL ME A STORY - I
942
_c
BOOK
999
_c
468375
_d
468372